{"text_format":"3","workbook":"xls","n_sheets":3,"sheets":["Sheet1","Sheet2","Sheet3"],"read":"whole","date_system":"1900","formulas":"cached_only"}

{"sheet":"Sheet1","index":0,"n_rows":91,"n_cols":7,"rows_kept":91,"flags":["formulas_cached_only"]}
["序号","物资名称","规格型号及参数","数量","单位","价格","合计"]
[1,"无绳电话机","无绳子母机办公字母电话机无线分机数字无绳 免费对讲 三方通话固话座机一拖一",51,"套",278,14178]
[2,"无绳电话机子机","无绳子母机子机无线分机数字无绳 免费对讲单子机(需搭配同型号母机)",20,"个",180,3600]
[3,"电话机","办公有线固定电话座机来电显示 免电池双接口",110,"个",64,7040]
[4,"电源线","国标电脑用三孔1.5米纯铜0.75mm2，3C认证",40,"条",17.6,704]
[5,"电源线","国标电脑用三孔3米纯铜0.75mm2，3C认证",65,"条",29.8,1937]
[6,"打印线","USB打印机数据线 3米",52,"条",23,1196]
[7,"激光笔","百米远控翻页笔可充电 PPT激光笔教师用投影遥控笔 多媒体无线演示器 适用教学课件演讲会议电子教鞭笔",15,"个",62,930]
[8,"高拍仪","OCR文字识别A4幅面≥1500万像素",9,"个",518,4662]
[9,"摄像头"," 内置麦克风1080P",5,"个",90,450]
[10,"光盘","DVD-R 4.7GB 16速",900,"片",1.9,1710]
[11,"光盘袋","环保双面装PP袋",400,"片",0.1,40]
[12,"无线鼠标","静音鼠标2.4G远至10米传输距离",1,"个",60,60]
[13,"无线键盘","静音鼠标2.4G远至10米传输距离",1,"个",86,86]
[14,"专业数字小键盘","带F1-F3（USB)",10,"个",70,700]
[15,"交换机","8口全千兆支持MDI/MDIX端口自动翻转、MAC地址自动学习和更新、全/半双工自协商，并支持10/100/1000M速率自适应，即插即用无需单独配置",160,"个",94,15040]
[16,"USB脚踏开关","≥2米线",10,"个",73,730]
[17,"录音笔","充电款16G录音笔 商务办公会议 便携式随身录音设备专业录音高清降噪",6,"个",180,1080]
[18,"录音电话机","支持录音时间 ≥1000小时",2,"套",330,660]
[19,"全向麦克风","USB接口，全指向数字界面麦克风教学网络视频会议话筒",5,"个",550,2750]
[20,"扫描枪","一维 二维影像式防震防摔耐用1000万次手机屏幕",25,"个",220,5500]
[21,"外置刻录机","8倍速 外置DVD刻录机 移动光驱 支持USB/Type-C接口",6,"个",255,1530]
[22,"移动硬盘","1T2.5英寸移动硬盘USB3.0接口 商务简约便携高速移动硬盘",5,"个",440,2200]
[23,"移动硬盘","2T 2.5英寸移动硬盘USB3.0接口 商务简约便携高速移动硬盘",16,"个",538,8608]
[24,"移动硬盘","4T2.5英寸移动硬盘USB3.0接口 商务简约便携高速移动硬盘",5,"个",845,4225]
[25,"固态硬盘","256G 2.5英寸固态硬盘SATA3˖0接口",8,"个",182,1456]
[26,"固态硬盘","512G 2.5英寸固态硬盘SATA3˖0接口",6,"个",280,1680]
[27,"固态硬盘","1T 2.5英寸固态硬盘SATA3˖0接口",2,"个",525,1050]
[28,"硬盘隔离卡","双硬盘内外网手动开关切换隔离卡",13,"个",356,4628]
[29,"墨粉黑色 原装","适用于理光MC2000复合机单支打印量5%覆盖率≥18000页",8,"个",500,4000]
[30,"墨粉红色 原装","适用于理光MC2000复合机单支打印量5%覆盖率≥15000页",4,"个",1050,4200]
[31,"墨粉蓝色 原装","适用于理光MC2000复合机单支打印量5%覆盖率≥15000页",4,"个",1050,4200]
[32,"墨粉黄色 原装","适用于理光MC2000复合机单支打印量5%覆盖率≥15000页",4,"个",1050,4200]
[33,"食品健康证卡片","食品健康证卡片",10000,"张",3.4,34000]
[34,"彩色带原装BXR 21112.GB2","适用于飒瑞S21证卡打印机",50,"个",380,19000]
[35,"公共场所健康证卡片","公共场所健康证卡片",5000,"张",2.9,14500]
[36,"药品健康证卡片","药品健康证卡片",5000,"张",2.9,14500]
[37,"彩色带原装800300-250CN","适用于斑马ZC100证卡打印机",5,"个",260,1300]
[38,"DVI线  ","规格:3m",11,"条",35,385]
[39,"HDMI线  ","规格:1.5m",10,"条",21,210]
[40,"HDMI线  ","规格:10m",13,"条",80,1040]
[41,"HDMI线 "," 规格:3m",20,"条",30,600]
[42,"HDMI线  ","规格:5m",10,"条",38,380]
[43,"USB网卡  ","RJ45口",45,"块",36,1620]
[44,"高清转接线","HDMI转VGA高清1080P",2,"个",30,60]
[45,"VGA线","1.5米工程级VGA线高清视频数据转接线3+6线芯",30,"条",15,450]
[46,"VGA线","3米工程级VGA线高清视频数据转接线3+6线芯",50,"条",20,1000]
[47,"VGA线","5米工程级VGA线高清视频数据转接线3+6线芯",12,"条",31,372]
[48,"窗口对讲机","2008型窗口双向对讲机 银行医院扩音器 ",10,"个",140,1400]
[49,"打印共享器","USB（二进一出）手动共享器",16,"个",32,512]
[50,"纽扣电池  ","规格:2032",70,"个",1.8,126]
[51,"电话机","璧挂式",5,"个",34,170]
[52,"电话曲线","1.5米",17,"条",3.2,54.400000000000006]
[53,"电话线","100米/盘（纯铜足100米）",37,"盘",58,2146]
[54,"电源适配器","原装65W（1.8米线）",2,"个",148,296]
[55,"光驱","DVD带刻录",2,"个",145,290]
[56,"无线脚踏开关","USB无线",18,"个",360,6480]
[57,"网络直通头","RJ45母对母",50,"个",9.9,495]
[58,"无线路由器","双频千兆",66,"个",119,7854]
[59,"二维码扫描平台数据线","1.5米",5,"个",44,220]
[60,"视频分配器","（VGA一分二）",4,"个",66,264]
[61,"水晶头","100个/盒（超五类）保证数据传输稳定及速度符合国家质量标准",18,"盒",34,612]
[62,"水晶头","100个/盒（电话头）保证数据传输稳定及速度符合国家质量标准",23,"盒",19.5,448.5]
[63,"PCI-E网卡","千兆有线PCI-E网卡",10,"个",53,530]
[64,"网络跳线  ","10米（超六类）",110,"条",44.9,4939]
[65,"网络跳线  规格:3m","3米（超六类）",600,"条",18,10800]
[66,"网络跳线  ","2米（超六类）",550,"条",14.9,8195]
[67,"网络跳线  ","5米（超六类）",55,"条",20,1100]
[68,"网线  ","超五类千兆网线【工程级0.50±0.005mm】无氧铜箱线CAT5e类非屏蔽纯铜双绞线家装网络305米",20,"轴",540,10800]
[69,"网线钳","多功能水晶压线钳",13,"个",48,624]
[70,"显卡","2G独立",5,"个",280,1400]
[71,"医疗专用采集卡标清","S端子 AV BNC接口",10,"个",660,6600]
[72,"医疗专用采集卡高清","SDI DVI双接口1920*1080P高清",13,"个",1960,25480]
[73,"硬盘","台式机硬盘 1TB 7200转 256MB 机械硬盘 SATA  电脑硬盘 3.5英寸",12,"个",370,4440]
[74,"二维码扫描平台","扫描平台 扫码盒子 医院医保健康码 商品码/屏幕码快速识读",72,"个",370,26640]
[75,"自动剥线钳","电工多功能剥线钳自动拔线钳端子压接压线钳剪光纤电缆扒皮钳",13,"个",82,1066]
[76,"自动寻线器","双模 抗干扰可寻找屏蔽网线",11,"个",170,1870]
[77,"通讯步话机","大功率远距离1-8公里覆盖",4,"个",400,1600]
[78,"USB无线网卡  ","支持无线WIFI  USB2.0接口  免驱 Wi-Fi6",10,"个",100,1000]
[79,"USB分线器","支持USB3.0  一分四 ",10,"个",90,900]
[80,"SATA电源线一分二","SATA电源线一分二串口 15pin 公对母",10,"条",10,100]
[81,"主板","  H610",10,"个",600,6000]
[82,"内存条","16G  DDR4/3200 ",10,"个",200,2000]
[83,"CPU","cpu intel i5-13400",10,"个",1000,10000]
[84,"电源","额定300W",10,"个",200,2000]
[85,"U盘","32G",10,"个",32,320]
[86,"U盘","64G",10,"个",64,640]
[87,"U盘","128G",10,"个",128,1280]
[88,"安卓充电器套装","PDA用安卓充电器套装   Micro USB端口  充电线长至少1米   充电器需要5V-2A    ",30,"套",50,1500]
[89,"交换机","端口数量为24个10/100/1000Base-T RJ45端口，所有端口均具备千兆线速转发能力。支持商云APP端及Web端远程管理，支持ERPS环网协议，RPL配置，支持环网数5，收敛时间≤50ms。还支持802.1Q VLAN、QoS、带宽控制、端口流量统计、端口监控、端口汇聚、端口隔离等功能。电源电压为100-240V，50/60Hz，外形尺寸440×180×44mm",15,"个",550,8250]
["合  计",{"$nulls":5},355888.9]

{"sheet":"Sheet2","index":1,"n_rows":0,"n_cols":0,"rows_kept":0,"flags":["formulas_cached_only"]}

{"sheet":"Sheet3","index":2,"n_rows":0,"n_cols":0,"rows_kept":0,"flags":["formulas_cached_only"]}